Welcome to the Holygrace Academy Library

Please use search bar below to get started

ALFRED NOBEL (Record no. 6740)

MARC details
000 -LEADER
fixed length control field 00263nam a22001217a 4500
020 ## - INTERNATIONAL STANDARD BOOK NUMBER
ISBN 81-7826-019-0
082 ## - DEWEY DECIMAL CLASSIFICATION NUMBER
Classification number 001
Item number ROH/W
245 ## - TITLE STATEMENT
Title ALFRED NOBEL
260 ## - PUBLICATION, DISTRIBUTION, ETC. (IMPRINT)
Place of publication DELHI
Name of publisher ROHAN BOOK COMPANY
Year of publication 1955
300 ## - PHYSICAL DESCRIPTION
Number of Pages 96
650 ## - SUBJECT ADDED ENTRY--TOPICAL TERM
Topical Term LIFE OF GANDHI
Geographic subdivision DELHI
942 ## - ADDED ENTRY ELEMENTS (KOHA)
Koha item type Books
Holdings
Withdrawn status Lost status Collection code Home library Current library Shelving location Date acquired Source of acquisition Full call number Accession Number Koha item type
    Reference Main Library Main Library SHELF-17-L-BIOGRAPHIES & AUTOBIOGRAPHIES 16/11/2006 PURCHASE 001 ROH/W 03281 Books